| 000 | 00462nam a2200145Ia 4500 | ||
|---|---|---|---|
| 008 | 221229s9999 xx 000 0 und d | ||
| 020 | _a9789394168145 | ||
| 082 | _a004.001 GKP | ||
| 100 |
_aGK Publications Ltd. _914268 |
||
| 245 | 0 | _aComputer science and information science: GATE 2023 | |
| 260 |
_aNew Delhi _bGK Publications Ltd. _c2022 |
||
| 300 |
_aXXVIII, 1263p. _bRs. 1125.00 |
||
| 650 |
_aComputer science and information science _914269 |
||
| 942 | _cCPL | ||
| 999 |
_c194186 _d194186 |
||